Catalog

Record Details

Catalog Search



Available copies

  • 0 of 2 copies available at LARL/NWRL Consortium.
  • 0 of 2 copies available at Lake Agassiz Regional Library. (Show preferred library)

Current holds

3 current holds with 2 total copies.

Show Only Available Copies
Location Call Number / Copy Notes Barcode Shelving Location Status Due Date
Moorhead Public Library LARGE PRINT LAM (Text) 33500014223465 New In transit -
Moorhead Public Library LARGE PRINT LAM (Text) 33500014223473 New In transit -

Record details

  • ISBN: 9781420522761
  • ISBN: 1420522760
  • Physical Description: 699 pages (large print) ; 23 cm
  • Edition: Large print edition.
  • Publisher: Waterville, Maine : Thorndike Press, a part of Gale, a Cengage Company, 2025.

Content descriptions

Summary, etc.:
Corby Ledbetter is struggling. New fatherhood, the ... Read More
Subject: Fathers > Fiction.
Children > Death > Fiction.
Substance abuse > Fiction.
Imprisonment > Fiction.
Reconciliation > Fiction.
Forgiveness > Fiction.
Large type books.
FICTION / Literary.
FICTION / Crime.
FICTION / Sagas.
Drug addicts > Fiction.
Artists > Fiction.
Prisoners > Fiction.
Reconciliation > Fiction.
Large print books.
Genre: Large type books.
Prison fiction.
Domestic fiction.
Large print books.
LDR 03817cam a2200745 i 4500
001466916
003LARL_NWRL_CONSORTIUM
00520250709165159.0
008241202t20252025meu d 000 1 eng d
040 . ‡aIG# ‡beng ‡erda ‡cIG# ‡dOCP ‡dOCLCO ‡dIG# ‡dOJ4 ‡dMUJ ‡dBDX ‡dHQD ‡dSDD ‡dDYJ ‡dTXP ‡dJQM ‡dIMT ‡dOCLCO ‡dFMG ‡dOCLCO ‡dNZAUC ‡dBKL ‡dMWD
019 . ‡a1510370152 ‡a1521545476
020 . ‡a9781420522761 ‡q(large print ; ‡qhardcover alk. paper)
020 . ‡a1420522760 ‡q(large print ; ‡qhardcover alk. paper)
035 . ‡a(OCoLC)1474601688 ‡z(OCoLC)1510370152 ‡z(OCoLC)1521545476
037 . ‡bThorndike Pr, C/O Gale Group Po Box 9187, Farmington Hills, MI, USA, 48331-3535, (248)6994253 ‡nSAN 213-4373
08204. ‡a813/.54 ‡223/eng/20250417
1001 . ‡aLamb, Wally, ‡eauthor. ‡1https://id.oclc.org/worldcat/entity/E39PBJmpcqF8tYfcjTmmp4KTpP ‡0(LARL_NWRL_CONSORTIUM)106522
24514. ‡aThe river is waiting / ‡cWally Lamb.
250 . ‡aLarge print edition.
264 1. ‡aWaterville, Maine : ‡bThorndike Press, a part of Gale, a Cengage Company, ‡c2025.
264 4. ‡c©2025
300 . ‡a699 pages (large print) ; ‡c23 cm
336 . ‡atext ‡btxt ‡2rdacontent ‡0http://id.loc.gov/vocabulary/contentTypes/txt
337 . ‡aunmediated ‡bn ‡2rdamedia ‡0http://id.loc.gov/vocabulary/mediaTypes/n
338 . ‡avolume ‡bnc ‡2rdacarrier ‡0http://id.loc.gov/vocabulary/carriers/nc
340 . ‡nlarge print (16 point) ‡2rdafs ‡0http://id.loc.gov/vocabulary/mfont/lp
520 . ‡aCorby Ledbetter is struggling. New fatherhood, the loss of his job, and a growing secret addiction have thrown his marriage into a tailspin. And that's before he causes the tragedy that tears the family apart. Sentenced to prison, Corby struggles to survive life on the inside, where he bears witness to frightful acts of brutality but also experiences elemental kinship with a prison librarian, tender-hearted cellmate, and a troubled teen desperate for a role model. Buoyed by them, Corby begins to transcend the boundaries of his confinement, sustained by his hope that mercy and reconciliation might still be possible. Can his crimes ever be forgiven by those he loves?"-- ‡cBack cover.
650 0. ‡aFathers ‡vFiction. ‡0(LARL_NWRL_CONSORTIUM)169375
650 0. ‡aChildren ‡xDeath ‡vFiction. ‡0(LARL_NWRL_CONSORTIUM)164236
650 0. ‡aSubstance abuse ‡vFiction.
650 0. ‡aImprisonment ‡vFiction.
650 0. ‡aReconciliation ‡vFiction.
650 0. ‡aForgiveness ‡vFiction. ‡0(LARL_NWRL_CONSORTIUM)164929
650 0. ‡aLarge type books. ‡0(LARL_NWRL_CONSORTIUM)24284
650 7. ‡aFICTION / Literary. ‡2bisacsh
650 7. ‡aFICTION / Crime. ‡2bisacsh
650 7. ‡aFICTION / Sagas. ‡2bisacsh
650 7. ‡aDrug addicts ‡vFiction. ‡2sears ‡0(LARL_NWRL_CONSORTIUM)164679
650 7. ‡aArtists ‡vFiction. ‡2sears ‡0(LARL_NWRL_CONSORTIUM)163213
650 7. ‡aPrisoners ‡vFiction. ‡2sears ‡0(LARL_NWRL_CONSORTIUM)166538
650 7. ‡aReconciliation ‡vFiction. ‡2sears
650 7. ‡aLarge print books. ‡2sears ‡0(LARL_NWRL_CONSORTIUM)178465
655 0. ‡aLarge type books.
655 7. ‡aPrison fiction. ‡2lcgft
655 7. ‡aDomestic fiction. ‡2lcgft
655 7. ‡aLarge print books. ‡2lcgft
901 . ‡a466916 ‡bAUTOGEN ‡c466916 ‡tbiblio

Additional Resources